Business Analytics/ (Record no. 200648)

MARC details
000 -LEADER
fixed length control field 00917nam a22002417a 4500
005 - DATE AND TIME OF LATEST TRANSACTION
control field 20240214165342.0
010 ## - LCCN (DPL NO)
LC control number ENG-139198 ENG-139240
020 ## - INTERNATIONAL STANDARD BOOK NUMBER
Terms of availability 499.00
International Standard Book Number 9789356064317
035 ## - SYSTEM CONTROL NUMBER
System control number EN-122730
035 ## - SYSTEM CONTROL NUMBER
System control number EN-122772
037 ## - SOURCE OF ACQUISITION
Source of stock number/acquisition DBAD/PUB
082 ## - DEWEY DECIMAL CLASSIFICATION NUMBER
Classification number 658.150285
Edition number 1
100 ## - MAIN ENTRY--PERSONAL NAME
Personal name Schniederjans, Marc J
245 ## - TITLE STATEMENT
Title Business Analytics/
Statement of responsibility, etc By Marc J Schniederjans; Dara G. Schniederjans and Christopher M. Starkey
250 ## - EDITION STATEMENT
Edition statement 1
260 ## - PUBLICATION, DISTRIBUTION, ETC. (IMPRINT)
Place of publication, distribution, etc Uttar Pradesh
Name of publisher, distributor, etc Pearson India Education Pvt Ltd
Date of publication, distribution, etc 2022
270 ## - ADDRESS
City Uttar Pradesh
Address 15th FLoor, Tower-B, World Trade Tower, Plot No.1, Block- C, Sector-16, Noida
Postal code 201301
300 ## - PHYSICAL DESCRIPTION
Extent xviii,350p.
Dimensions 23cm(pb)
Other physical details Index
500 ## - GENERAL NOTE
General note Principles, Concepts, and Applications What, Why and How
700 ## - ADDED ENTRY--PERSONAL NAME
Personal name Schniederjans, Dara G.
9 (RLIN) 61814
Relator term Author
700 ## - ADDED ENTRY--PERSONAL NAME
Personal name Starkey, Christopher M.
9 (RLIN) 61887
942 ## - ADDED ENTRY ELEMENTS (KOHA)
Source of classification or shelving scheme Dewey Decimal Classification
Item type English Books
Classification part 658.150285
Call number suffix SCH
Edition 1
Holdings
Withdrawn status Lost status Not for loan Collection code Home library Current library Date acquired Source of acquisition Cost, normal purchase price Full call number Barcode Copy number Cost, replacement price Koha item type
      Non-fiction Ashok Vihar Ashok Vihar 14/02/2024 DBAD 499.00 658.150285 SCH EN-122772 1 499.00 English Books
      Non-fiction Tri Nagar Tri Nagar 12/02/2024 DBAD/PUB 499.00 658.4033 SCH EN-122730 1 499.00 English Books

© Delhi Public Library
Hit Counter
free hit counter